| 000 | 00469nam a2200181Ia 4500 | ||
|---|---|---|---|
| 005 | 20221221100729.0 | ||
| 008 | 131103s9999 xx 000 0 und d | ||
| 040 | _aLoreto College | ||
| 041 | _aEnglish | ||
| 082 |
_a813.52 _bSTE |
||
| 100 | _aSteinbeck,John | ||
| 245 | 4 |
_aThe Winter of our discontent _cJohn Steinbeck |
|
| 260 |
_aNew York _bBantam Book _c1962 |
||
| 300 | _a298 p. | ||
| 650 | _aAmerican Fiction - 20th Century | ||
| 850 | _aLCLIB | ||
| 942 | _cBK | ||
| 999 |
_c12103 _d62582 |
||